Statistiques concernant 20 pays les plus petits du monde

Cliquez ici pour prendre le quiz!

Statistiques générales

  • Ce quiz a été pris 439 fois
  • Le résultat moyen est 13 sur 20

Statistiques - réponses

HintRéponse% Correct
1e0,44 km²Vatican
97%
2e1,98 km²Monaco
94%
17e468 km²Andorre
88%
5e61 km²Saint Marin
87%
6e160 km²Liechtenstein
84%
3e21km²Nauru
73%
18e616 km²Sainte Lucie
72%
8e261 km²Saint Kitts / Saint Christophe
72%
9e280 km²Saint Vincent
72%
4e26km²Tuvalu
67%
20e710 km²Singapour
63%
12e344 km²Grenade
62%
13e430 km²Barbade
61%
14e442 km²Antigua et Barbuda
58%
11e316 km²Malte
55%
16e459 km²Palaos
52%
7e181 km²Marshall
48%
19e702 km²Micronésie
48%
15e452 km²Seychelles
48%
10e300 km²Maldives
42%

Distribution des résultats

Percentile par nombre de réponses

% des personnes avec chaque résultat

Votre développement - résultats

Vous n’avez pas pris ce quiz